000
00278nam a22001217a 4500
008
150330b xxu||||| |||| 00| 0 eng d
020
_a
9780072261349
020
_a
007226134X
041
0
_a
eng
080
_a
004
245
1
0
_a
JavaScript demystified /
_c
Jim Keogh.
942
_2
udc
_c
BK
999
_c
621
_d
621